• 首页
  • 本馆介绍
  • 公告通知
  • 最新文献
  • 馆藏检索
  • 电子资源
  • 读者导购
  • 参考咨询
  • 我的图书馆
  • 登录
  • 详细信息显示
  • 放入我的书架
  • 预约/预借图书
  • 作者相关作品
  • 分类相关作品
  • 丛书相关作品
  • 出版社相关作品

书目信息

  • 表格格式
  • 工作单格式
  • 卡片格式
题名:
最新数码相机拍摄指南
    
 
作者: 王效海 著
分册:  
出版信息: 北京   中国摄影出版社  2006
页数: 181页
开本: 26cm
丛书名:
单 册:
中图分类: TB82
科图分类:
主题词: 数字照相机--摄影技术 , 拍摄
电子资源:
ISBN: 7-80007-869-8
000 00847nam0 2200241 450
001 012005120270
005 20061114145550.04
010    @a7-80007-869-8@dCNY38.00
100    @a20060209d2006 em y0chiy0110 ea
101 0  @achi
102    @aCN@b110000
105    @aa z 000yy
200 1  @a最新数码相机拍摄指南@9zui xin shu ma xiang ji pai she zhi nan@f王效海著
210    @a北京@c中国摄影出版社@d2006
215    @a181页@c图@d26cm
330    @a本书主要介绍数码摄影的实用拍摄技巧。内容包括:摄影——从胶片到数码;选择适合自己的数码相机;了解数码相机的秘密;手把手教你学拍摄;拿稳数码相机,拍摄清晰图片等。
510 1  @aNewest Digital Camera Photography Guide@zeng
606 0  @a数字照相机@x摄影技术
606 0  @a拍摄
690    @aTB82@v4
701  0 @a王效海@9wang xiao hai@4著
801  0 @aCN@bRENTIAN@c20061114
905    @a10447@dTB82@e129
    
    最新数码相机拍摄指南/王效海著.-北京:中国摄影出版社,2006
    181页:图;26cm
    
    
    ISBN 7-80007-869-8:CNY38.00
    本书主要介绍数码摄影的实用拍摄技巧。内容包括:摄影——从胶片到数码;选择适合自己的数码相机;了解数码相机的秘密;手把手教你学拍摄;拿稳数码相机,拍摄清晰图片等。
●
相关链接 在E读中查询图书 在五车中查询图书 在当当中查询图书 在豆瓣中查询图书


正题名:最新数码相机拍摄指南     索取号:TB82/129         预约/预借

序号 登录号 条形码 馆藏地/架位号 状态 备注
1 0382880   203828803   第二样本阅览室/ [索取号:TB82/129] 在馆    
2 0382881   203828812   第三借阅区/ [索取号:TB82/129] 在馆    
3 0382882   203828821   第三借阅区/ [索取号:TB82/129] 在馆    
4 0382883   203828830   第三借阅区/ [索取号:TB82/129] 在馆    
5 0382884   203828849   第三借阅区/ [索取号:TB82/129] 在馆    
唐山师范学院图书馆 欢迎您!
大连网信软件有限公司© 版权所有